| 000 | 01615cam a2200481 i 4500 | ||
|---|---|---|---|
| 001 | 32618 | ||
| 003 | KOSZ 005 | ||
| 005 | 20250722090821.0 | ||
| 008 | 250718s1997 pl a f 000 0 pol | ||
| 015 | _aUWD 1998/2032 | ||
| 020 | _a8371431953 | ||
| 035 | _a991003454769705066 | ||
| 035 | _a(PL-WaBN)b10925041-48omnis_nlop | ||
| 035 | _ab10925041 | ||
| 035 | _a(OCoLC)233483922 | ||
| 035 | _axx001075429 | ||
| 035 | _a(PL)b0000001092504 | ||
| 035 | _a(EXLNZ-48OMNIS_NETWORK)9910122813305606 | ||
| 040 |
_aWA N _cWA N _dKOSZ 005/RW |
||
| 046 | _k1997 | ||
| 080 | _a681.5 | ||
| 245 | 0 | 0 |
_aRobotyzacja procesów technologicznych : _bwybrane zagadnienia / _cpod redakcją Jana Żurka. |
| 250 | _aWydanie I. | ||
| 260 |
_aPoznań : _bWydawnictwo Politechniki Poznańskiej, _c1997. |
||
| 300 |
_a84 strony : _bfotografie, rysunki, wykresy ; _c24 cm. |
||
| 336 |
_aTekst _btxt _2rdacontent |
||
| 337 |
_aBez urządzenia pośredniczącego _bn _2rdamedia |
||
| 338 |
_aWolumin _bnc _2rdacarrier |
||
| 380 | _aKsiążki | ||
| 380 | _aPublikacje naukowe | ||
| 388 | 1 | _a1901-2000 | |
| 388 | 1 | _a1989-2000 | |
| 504 | _aBibliografia przy rozdziałach. | ||
| 650 | 7 |
_aRoboty i manipulatory przemysłowe _2DBN |
|
| 650 | 7 |
_aSterowanie _2DBN |
|
| 655 | 7 | _aPraca zbiorowa | |
| 658 | _aInżynieria i technika | ||
| 700 | 1 |
_aŻurek, Jan _eRedakcja |
|
| 710 | 2 |
_aWydawnictwo Politechniki Poznańskiej _4pbl |
|
| 856 |
_uhttps://koha.tu.koszalin.pl/cgi-bin/koha/opac-detail.pl?biblionumber=32618 _yKatalog online BPK |
||
| 942 |
_2UKD _cKS |
||
| 999 |
_c32618 _d32618 |
||